| 000 | 02835cas a2200745 a 4500 | ||
|---|---|---|---|
| 001 | 14238108 | ||
| 003 | OSt | ||
| 005 | 20260323150710.0 | ||
| 006 | m o d | ||
| 007 | cr cnu|||||||| | ||
| 008 | 260305c19979999ja qr pso 0 0eng d | ||
| 010 | _a 2006211422 | ||
| 020 | _a9781032653839 | ||
| 020 | _a9780367175047 | ||
| 020 | _a9780429057267 | ||
| 022 | _a1347-6114 | ||
| 023 | 0 | _a1342-4580 | |
| 029 | 1 |
_aAU@ _b000044938434 |
|
| 029 | 1 |
_aAU@ _b000045398600 |
|
| 029 | 1 |
_aNZ1 _b12139906 |
|
| 029 | 1 |
_aOCLCS _bOP-13127 |
|
| 035 | _a(OCoLC)53864110 | ||
| 040 |
_aOUN _beng _cKABLIB _dKABLIB _dCUS _dOCL _dSMI _dDLC _dOCLCQ _dOCLCF _dOCLCQ _dVT2 _dVDB _dOCLCQ _dOCLCO _dLUU _dUBY _dLND _dOCLCO _dOCLCL _dOCLCO _dOCLCQ |
||
| 041 | 0 |
_aeng _ajpn |
|
| 042 | _alccopycat | ||
| 050 | 0 | 0 | _aTP248.27.P55 |
| 060 | 0 | 0 |
_aW1 _bPL105KY |
| 066 | _c$1 | ||
| 070 | 0 | _aQK725.S565 | |
| 082 |
_223 _a631.523 _bUME |
||
| 100 |
_aUmesha S. _eAuthor _915610 |
||
| 130 | 0 |
_aPlant biotechnology (Tokyo, Japan : Online) _915611 |
|
| 245 | 1 | 0 |
_aPlant biotechnology/ _c by S. Umesha |
| 260 |
_a[Tokyo] : _bJapanese Society for Plant Cell and Molecular Biology _cc2019 |
||
| 300 |
_axii, 422 p. ; _c24 cm |
||
| 310 | _aQuarterly | ||
| 336 |
_atext _btxt _2rdacontent |
||
| 337 |
_acomputer _bc _2rdamedia |
||
| 338 |
_aonline resource _bcr _2rdacarrier |
||
| 362 | 1 | _aPrint began with v. 14, no. 1 (Apr. 1997). | |
| 506 | _aLicense restrictions may limit access. | ||
| 530 | _aAlso issued in print. | ||
| 538 | _aMode of access: World Wide Web; may require Adobe Acrobat Reader. | ||
| 588 | _aDescription based on: Vol. 18, no. 1(2001) (publisher's Web site, viewed Dec. 8, 2003); title from journal home page. | ||
| 588 | _aLatest issue consulted: Vol. 39, no. 4 (2022) (J-stae, viewed Feb. 21, 2023). | ||
| 650 | 0 |
_aPlant biotechnology _vPeriodicals. _915612 |
|
| 650 | 0 |
_aPlant genetic engineering _vPeriodicals. _915613 |
|
| 650 | 6 |
_aPlantes _xBiotechnologie _vPériodiques. _915614 |
|
| 650 | 6 |
_aGénie génétique végétal _vPériodiques. _915615 |
|
| 650 | 7 |
_aPlant biotechnology _2fast _915616 |
|
| 650 | 7 |
_aPlant genetic engineering _2fast _915617 |
|
| 655 | 0 |
_aElectronic journals. _97771 |
|
| 655 | 2 |
_aPeriodical _9346 |
|
| 655 | 7 |
_aperiodicals. _2aat _9350 |
|
| 655 | 7 |
_aPeriodicals _2fast _9350 |
|
| 655 | 7 |
_aPeriodicals. _2lcgft _9350 |
|
| 655 | 7 |
_aPériodiques. _2rvmgf _915618 |
|
| 710 | 2 |
_6880-01 _aNihon Shokubutsu Saibō Bunshi Seibutsu Gakkai, _eissuing body. _1https://id.oclc.org/worldcat/entity/E39QH7JmmXFxMfWwPghjBhGxvR _915619 |
|
| 776 | 1 |
_tPlant biotechnology (Tokyo, Japan) _x1342-4580 _w(DLC)sn 97015619 _w(OCoLC)37950447 |
|
| 880 | 2 | _6710-01/$1 | |
| 880 | 0 | _6730-00/$1 | |
| 906 |
_a7 _bcbc _cserials _d3 _encip _f20 _gn-oclcserc |
||
| 942 |
_2ddc _cBOOK |
||
| 999 |
_c6146 _d6146 |
||